<?xml version="1.0" encoding="UTF-8"?>
<record
    xmlns:xsi="http://www.w3.org/2001/XMLSchema-instance"
    xsi:schemaLocation="http://www.loc.gov/MARC21/slim http://www.loc.gov/standards/marcxml/schema/MARC21slim.xsd"
    xmlns="http://www.loc.gov/MARC21/slim">

  <leader>00998nam a2200289Ia 4500</leader>
  <controlfield tag="001">Para_830</controlfield>
  <controlfield tag="003">CHAP</controlfield>
  <controlfield tag="008">220125s1993    xx            000 0 und d</controlfield>
  <datafield tag="010" ind1=" " ind2=" ">
    <subfield code="a">198728</subfield>
  </datafield>
  <datafield tag="040" ind1=" " ind2=" ">
    <subfield code="c">CHAP</subfield>
  </datafield>
  <datafield tag="090" ind1=" " ind2=" ">
    <subfield code="a">PA TESIS 802</subfield>
  </datafield>
  <datafield tag="100" ind1=" " ind2=" ">
    <subfield code="a">Luna Leon, Candido</subfield>
    <subfield code="9">164026</subfield>
  </datafield>
  <datafield tag="245" ind1=" " ind2=" ">
    <subfield code="a">Resistencia de tres genotipos de ma&#xED;z (Zea mays L.) al ataque del barrenador mayor de los granos Postephanus truncatus (Coleoptera  :</subfield>
    <subfield code="b"> Bostrichidae)  /</subfield>
    <subfield code="c"> por Candido Luna Leon</subfield>
  </datafield>
  <datafield tag="260" ind1=" " ind2=" ">
    <subfield code="a">Montecillo, M&#xE9;x.  :</subfield>
    <subfield code="b"> El autor</subfield>
  </datafield>
  <datafield tag="300" ind1=" " ind2=" ">
    <subfield code="a">62 h.</subfield>
  </datafield>
  <datafield tag="502" ind1=" " ind2=" ">
    <subfield code="a">Tesis (M.C. Esp. en Entomolog&#xED;a) CP Centro de Entomolog&#xED;a y Acarolog&#xED;a</subfield>
  </datafield>
  <datafield tag="650" ind1=" " ind2=" ">
    <subfield code="a">Ma&#xED;z </subfield>
    <subfield code="x"> variedades resistentes a plagas </subfield>
    <subfield code="9">71083</subfield>
  </datafield>
  <datafield tag="650" ind1=" " ind2=" ">
    <subfield code="a">Prostephanus truncatus</subfield>
    <subfield code="9">92436</subfield>
  </datafield>
  <datafield tag="710" ind1=" " ind2=" ">
    <subfield code="a">CP Centro de Entomolog&#xED;a y Acarolog&#xED;a</subfield>
    <subfield code="9">164012</subfield>
  </datafield>
  <datafield tag="901" ind1=" " ind2=" ">
    <subfield code="a">PA TESIS 802</subfield>
  </datafield>
  <datafield tag="902" ind1=" " ind2=" ">
    <subfield code="a">A</subfield>
  </datafield>
  <datafield tag="905" ind1=" " ind2=" ">
    <subfield code="a">0000001993                                 0000000000   00</subfield>
  </datafield>
  <datafield tag="910" ind1=" " ind2=" ">
    <subfield code="a">1993</subfield>
  </datafield>
  <datafield tag="942" ind1=" " ind2=" ">
    <subfield code="c">PARA</subfield>
  </datafield>
  <datafield tag="942" ind1=" " ind2=" ">
    <subfield code="c">PARA</subfield>
    <subfield code="d">1</subfield>
  </datafield>
  <datafield tag="999" ind1=" " ind2=" ">
    <subfield code="c">198728</subfield>
    <subfield code="d">198728</subfield>
  </datafield>
  <datafield tag="952" ind1=" " ind2=" ">
    <subfield code="0">0</subfield>
    <subfield code="1">0</subfield>
    <subfield code="2">local</subfield>
    <subfield code="4">0</subfield>
    <subfield code="5">1</subfield>
    <subfield code="7">0</subfield>
    <subfield code="8">TESIS</subfield>
    <subfield code="a">PA</subfield>
    <subfield code="b">PA</subfield>
    <subfield code="d">2005-10-27</subfield>
    <subfield code="f">PARA</subfield>
    <subfield code="i">(PA_5994) (No. UACh CONSUMO)</subfield>
    <subfield code="l">0</subfield>
    <subfield code="o">PA TESIS 802</subfield>
    <subfield code="p">4101001131</subfield>
    <subfield code="r">2022-01-25 00:00:00</subfield>
    <subfield code="t">Ej.1</subfield>
    <subfield code="w">2022-01-25</subfield>
    <subfield code="y">TESIS</subfield>
    <subfield code="z">3</subfield>
  </datafield>
</record>
